| 000 | 00639nam a2200229 a 4500 | ||
|---|---|---|---|
| 001 | BRL_737 | ||
| 005 | 20190320210856.0 | ||
| 008 | 300913s1908----gw-#######---#000-0#ger-# | ||
| 041 | _ager | ||
| 044 | _agw | ||
| 050 | 4 |
_aML50.S918 _b.S77 1908 |
|
| 100 | 1 |
_aStrauss, Richard _924792 |
|
| 245 | 1 | 0 |
_aElektra _ctragödie in einem aufzuge von Hugo von Hofmannsthal, Musik von Richard Strauss. |
| 260 |
_aLondres _bAdolph Fürstner _c1908 |
||
| 300 |
_a74 p. _c18 cm. |
||
| 500 | _aAu817 | ||
| 650 | 1 | 4 |
_aMúsica _vOpera _924734 |
| 650 | 1 | 4 |
_aOpera _vLibretos _924793 |
| 700 | 1 |
_aHofmannsthal, Hugo _924794 |
|
| 902 | _aGRL | ||
| 942 |
_2lcc _cB |
||
| 999 |
_c9549 _d9549 |
||